• 首页
  • 本馆介绍
  • 公告通知
  • 最新文献
  • 馆藏检索
  • 电子资源
  • 读者导购
  • 参考咨询
  • 我的图书馆
  • 登录
  • 详细信息显示
  • 放入我的书架
  • 预约/预借图书
  • 作者相关作品
  • 分类相关作品
  • 丛书相关作品
  • 出版社相关作品

书目信息

  • 表格格式
  • 工作单格式
  • 卡片格式
题名:
有节制的生活
    
 
作者: 西塞罗 著 ;徐奕春 译
分册:  
出版信息: 天津   天津人民出版社  2007
页数: [27], 281页
开本: 21cm
丛书名: 醒客悦读
单 册:
中图分类: B82-091 , B502.42
科图分类:
主题词: 伦理学--lun li xue--文集
电子资源:
ISBN: 978-7-201-05644-9
000 01159oam2 2200301 450
001 1259827000
005 20120930163756.98
010    @a978-7-201-05644-9@dCNY21.00
099    @aCAL 012007131161
100    @a20070910d2007 ekmy0chiy0120 ea
101 1  @achi@clat
102    @aCN@b120000
105    @aa z 000cy
200 1  @a有节制的生活@9You Jie Zhi De Sheng Huo@f(古罗马) 西塞罗著@g徐奕春译
210    @a天津@c天津人民出版社@d2007
215    @a[27], 281页@c图@d21cm
225 2  @a醒客悦读@9Xing Ke Yue Du@v18
314    @a西塞罗,古罗马最有才华的政治家之一,是当时最伟大的演说家、哲学家和散文家。
330    @a本书是一本古罗马散文作品集。主要内容包括:论友谊,友谊是神灵赋予人类的最好的东西、论善与责任,人是唯一知道节制的动物、论利与责任,人最能助人也最能害人等、论老年,老年不能从事积极的工作吗?等。
333    @a散文爱好者及相关读者。
461  0 @12001 @a醒客悦读
606 0  @a伦理学@9lun li xue@j文集
690    @aB82-091@v4
690    @aB502.42@v4
701  1 @a西塞罗@9Xi Sai Luo@g(Cicero, Marcus Tullius),@f前106-前43@4著
702  0 @a徐奕春@9Xu Yi Chun@4译
801  0 @aCN@b91MARC@c20101222
905    @a10447@dB82-091@eJY199
    
    有节制的生活/(古罗马) 西塞罗著/徐奕春译.-天津:天津人民出版社,2007
    [27], 281页:图;21cm.-(醒客悦读;18)
    使用对象:散文爱好者及相关读者。
    
    ISBN 978-7-201-05644-9:CNY21.00
    本书是一本古罗马散文作品集。主要内容包括:论友谊,友谊是神灵赋予人类的最好的东西、论善与责任,人是唯一知道节制的动物、论利与责任,人最能助人也最能害人等、论老年,老年不能从事积极的工作吗?等。
●
相关链接 在E读中查询图书 在五车中查询图书 在当当中查询图书 在豆瓣中查询图书


正题名:有节制的生活     索取号:B82-091/JY199         预约/预借

序号 登录号 条形码 馆藏地/架位号 状态 备注
1 7829812   278298129   学院路分馆/ [索取号:B82-091/JY199] 在馆    
2 7829813   278298138   学院路分馆/ [索取号:B82-091/JY199] 在馆    
唐山师范学院图书馆 欢迎您!
大连网信软件有限公司© 版权所有